Statistics for gLee

Click here to take the quiz!

General Stats

  • This quiz has been taken 934 times
  • The average score is 13 of 15

Answer Stats

HintsNames% Correct
GayKurt Hummel
99%
WheelcahirArtie Abrams
98%
Asian, GothTina Cohen-Chang
98%
Teacher/ Founder of glee clubWill Schuester
97%
Sings all solos, Barbara StreissandRachel Berry
96%
MowhawkNoah "Puck" Puckerman
95%
Tidy, clean, Guidance counselorEmma Pillsbury
94%
Mean, LatinoSantana Lopez
94%
Cheerleading coachSue Sylvester
94%
Dumb, cheerleaderBrittany Pierce
92%
Big mouth, ImpressionsSam Evans
80%
Cheerleader, New QuinnKitty Wilde
70%
Dancer, Brothers with former glee club memberJake Puckerman
65%
New, Writes original songs, SandyMarley Rose
55%
Football player, Danny ZukoRyder Lynn
47%

Score Distribution

Percentile by Number Answered

Percent of People with Each Score

Your Score History

You have not taken this quiz